El quehacer de la iglesia dominicana (1511-2011) : (Registro nro. 14422)

Detalles MARC
000 -LIDER
fixed length control field 01040nam a2200277 a 4500
001 - NÚMERO DE CONTROL
Identificador de número de control 000042794
003 - IDENTIFICACDOR DE NÚMERO DE CONTROL
control field DO-SdBNP
005 - DATE AND TIME OF LATEST TRANSACTION
control field 20230714124424.0
008 - ELEMENTOS DE LONGITUD FIJA
fixed length control field 140210s2011 dr a 000 0 spa d
020 ## - ISBN
International Standard Book Number 9789945475074
040 ## - FUENTE DE CATALOGACIÓN
Agencia que crea de manera original el registro DO-SdBNP
Idioma de catalogación spa
Agencia que realiza la transcripción BPMSU
082 #4 - NÚMERO DE CLASIFICACIÓN DECIMAL DE DEWEY
Classification number 282.97293
Item number S127q 2011
Edition number 22
100 ## - ASIENTO PRINCIPAL -- NOMBRE PERSONAL
Nombre personal Sáez, José Luis
Fechas asociadas con el nombre 1937-
100 z# - ASIENTO PRINCIPAL -- NOMBRE PERSONAL
Nombre personal Sáez Ramo, José Luis,
Fechas asociadas con el nombre 1937
100 z# - ASIENTO PRINCIPAL -- NOMBRE PERSONAL
Nombre personal Ramo, Jośe Luis Sáez
Fechas asociadas con el nombre 1937-
245 13 - MENCIÓN DE TITULO
Título El quehacer de la iglesia dominicana (1511-2011) :
Subtítulo historia y antología. /
Mención de responsabilidad José Luis Sáez; prólogo, Ramón Benito de la Rosa y Carpio.
260 ## - PUBLICACIÓN, DISTRIBUCIÓN, ETC. (PIE DE IMPRENTA)
Lugar de publicación, distribución, etc Santo Domingo :
Nombre del editor, distribuidor, etc. Amigo del hogar,
Fecha de publicación, distribución, etc 2011.
300 ## - DESCRIPCIÓN FÍSICA
Extensión 207 p. :
Otros detalles físicos il. ;
Dimensiones 26 cm.
490 0# - MENCIÓN DE SERIES
Mención de serie Ediciones Ferilibro,
Volume/sequential designation 150
500 ## - NOTA GENERAL
Nota general Incluye referencias bibliográficas y notas a pie de las páginas
590 ## - NOTA LOCAL
Enlace Inventariado, 2023/VM
650 #4 - ENCABEZAMIENTO DE MATERIA--TEMÁTICO
Término temático o nombre geográfico como elemento de entrada Iglesia católica
Subdivisión geográfica República Dominicana
Subdivisión temática general Historia
700 1# - ASIENTO SECUNDARIO -- NOMBRE PERSONAL
Nombre personal Rosa y Carpio, Ramón Benito de la
Títulos u otras palabras asociadas con el nombre arzobispo
910 ## - VALIDACIÓN
Validación VMateo V. Control de calidad (BPMSU)
942 ## - ADDED ENTRY ELEMENTS (KOHA)
Source of classification or shelving scheme Dewey Decimal Classification
Koha item type Libros
Existencias
Withdrawn status Lost status Source of classification or shelving scheme Damaged status Not for loan Collection code Home library Current library Date acquired Total Checkouts Full call number Barcode Date last seen Price effective from Koha item type
    Dewey Decimal Classification     Colección Dominicana Biblioteca Pública Metropolitana Salomé Ureña Biblioteca Pública Metropolitana Salomé Ureña 07/14/2023   BPMSU CD 282.97293 S127q 2011 BPMSU23070034 07/14/2023 07/14/2023 Libros